MARC

LEADER 00000nam0a2200000 4500
001 8128
005 20231030181701.0
010 |a 5222000311 
035 |a (RuTPU)RU\TPU\book\8174 
035 |a BOOK00008233 
090 |a 8128 
100 |a 20011209d1998 m y0rusy50 ca 
101 0 |a rus 
102 |a RU 
105 |a y j 000zy 
200 1 |a Основы конфликтологии  |e Курс лекций  |f Д. П. Зеркин 
210 |a Ростов-на-Дону  |c Феникс  |d 1998 
215 |a 480 с. 
225 1 |a Учебники и учебные пособия 
610 1 |a конфликтология 
610 1 |a психология 
610 1 |a общение 
610 1 |a социальное общение 
610 1 |a конфликт 
610 1 |a учебные пособия 
686 |a Ю953я73  |v LBC/SL-A  |2 rubbk 
700 1 |a Зеркин  |b Д. П.  |g Дмитрий Петрович 
801 0 |a RU  |b 63413507  |c 20011209  |g PSBO 
801 2 |a RU  |b 63413507  |c 20120517  |g PSBO 
900 |a Конфликтология 
942 |c BK